书目信息 |
| 题名: |
李群与李代数I:李理论基础,李交换群
|
|
| 作者: | 奥尼契科 著 | |
| 分册: | ||
| 出版信息: | 北京 科学出版社 2009 |
|
| 页数: | 235页 | |
| 开本: | 20cm | |
| 丛书名: | 国外数学名著系列;61 | |
| 单 册: | ||
| 中图分类: | O152.5 | |
| 科图分类: | ||
| 主题词: | 代数 , 数论 , 组合数学 | |
| 电子资源: | ||
| ISBN: | 978-7-03-023504-6 | |
| 000 | 00721nam0 2200229 450 | |
| 001 | 1734993170 | |
| 005 | 20170405094313.18 | |
| 010 | @a978-7-03-023504-6@b精装@d¥58.00 | |
| 100 | @a20170405d km y0chiy0120 ea | |
| 101 | 0 | @achi |
| 200 | 1 | @a李群与李代数I:李理论基础,李交换群@Ali qun yu li dai shu I:li li lun ji chu,li jiao huan qun@f奥尼契科著@Fao ni qi ke zhu |
| 210 | @a北京@c科学出版社@d2009 | |
| 215 | @a235页@d20cm | |
| 225 | 2 | @a国外数学名著系列;61 |
| 410 | 0 | @12001 @a国外数学名著系列;61 |
| 606 | 0 | @a代数 |
| 606 | 0 | @a数论 |
| 606 | 0 | @a组合数学 |
| 690 | @aO152.5@v4 | |
| 701 | 0 | @a奥尼契科@Aao ni qi ke@4著 |
| 801 | 0 | @aCN@b大连网信软件有限公司图书馆·11@c20170405 |
| 905 | @b6705439@dO152.5@eS369@f1 | |
| 李群与李代数I:李理论基础,李交换群/奥尼契科著.-北京:科学出版社,2009 |
| 235页;20cm.-(国外数学名著系列;61) |
| ISBN 978-7-03-023504-6(精装):¥58.00 |
| ● |
| 相关链接 |
|
|
|
|
正题名:李群与李代数I:李理论基础,李交换群
索取号:O152.5/S369
 
预约/预借
| 序号 | 登录号 | 条形码 | 馆藏地/架位号 | 状态 | 备注 |
| 1 | 6705439 | 267054395 | 密集书库-数信学院/ [索取号:O152.5/S369] | 在馆 |